| LEADER 00000nam 2200000uu 4500 |
| 008 141110s2552||||th 000 0 tha d |
| 024 ^a9786115070077
|
| 041 0 ^atha^beng
|
| 060 4 ^aBF575 ฮ117ก 2552
|
| 100 0 ^aฮัลโลเวลล์,เอ็ดเวิร์ด เอ็ม.
|
| 245 00 ^aกล้าให้อภัย =^bDare to forgive/^cผู้เขียน,Edward M Hallowell ;ผู้แปลโดย วิรงรอง นิกูลกาญจน์.
|
| 246 31 ^aDare to forgive
|
| 250 ^aพิมพ์ครั้งที่ 1
|
| 260 ^aกรุงเทพฯ : ^bหมอชาวบ้าน,^c2552.
|
| 300 ^a317 หน้า ;^bภาพประกอบ
|
| 650 4 ^aจิตวิทยาประยุกต์
|
| 650 4 ^aการให้อภัย
|
| 700 0 ^aHallowell, Edward M ;^eผู้เขียน
|
| 700 0 ^a วิรงรอง นิกูลกาญจน์ ;^eผู้แปล
|
| 999 ^aใช้งานได้ทุกระบบ
|